Normal view
MARC view
- الزيود، نادر فهمي مؤلف/هندي، صالح ذياب م.مشارك/عليان، هشام عامر م.مشارك/كوافحة،ت يسير مفلح م.مشارك
Entry Personal Name
001 - CONTROL NUMBER
- control field: 41574
003 - CONTROL NUMBER IDENTIFIER
- control field: JO-AjAnu
005 - DATE AND TIME OF LATEST TRANSACTION
- control field: 20230606080914.0
008 - FIXED-LENGTH DATA ELEMENTS
- fixed length control field: 230606|| aca||aabn | a|a d
040 ## - CATALOGING SOURCE
- Original cataloging agency: JO-AjAnu
- Transcribing agency: JO-AjAnu
100 ## - HEADING--PERSONAL NAME
- Personal name: الزيود، نادر فهمي مؤلف/هندي، صالح ذياب م.مشارك/عليان، هشام عامر م.مشارك/كوافحة،ت يسير مفلح م.مشارك
670 ## - SOURCE DATA FOUND
- Source citation: Work cat.: (JO-AjAnu)21303: الزيود، نادر فهمي مؤلف/هندي، صالح ذياب م.مشارك/عليان، هشام عامر م.مشارك/كوافحة،ت يسير مفلح م.مشارك, author, التعلم والتعليم الصفي